MANUAL of guidelines for scoping EIA in tropical wetlands

Bibliographic Details
Corporate Author: Asian Wetland Bureau-Indonesia
Other Authors: Howe
Format: Book
Published: Bogor, Indonesia : Asian Wetland Bureau , 1991
Edition:2nd ed.
Subjects:

MARC

LEADER 00000cam a2200000 7i4500
001 0000002444
005 20030623.0
090 0 0 |a 333.91816   |b MAN 1991 
245 0 0 |a MANUAL of guidelines for scoping EIA in tropical wetlands   |c C. P. Hoew ... (et al.) 
250 0 0 |a 2nd ed. 
260 0 0 |a Bogor, Indonesia :   |b Asian Wetland Bureau ,   |c 1991 
300 |a xvi, 261 p. :   |b ill. ;   |c 30 cm. 
650 0 0 |a Wetland management   |x Handbooks, manuals, etc. 
700 0 1 |a Howe   |h C. P. 
710 1 1 |a Asian Wetland Bureau-Indonesia 
998 |a JPSM 
999 |a 0000003975   |b Monograph   |c Open Shelf   |e Default branch